Agnus dei de cera y otras noticias relativas a José Miguel Quintana que éste publica en la ciudad de México en 1965 /

En esta publicación se presenta un estudio acerca de las medallas Agnus Dei, de cera, realizado por el investigador José Miguel Quintana; una biografía del también escritor y bibliografía de su obra.

Uloženo v:
Podrobná bibliografie
Médium: Kniha
Jazyk:španělština
Témata:
Tagy: Přidat tag
Žádné tagy, Buďte první, kdo vytvoří štítek k tomuto záznamu!

MARC

LEADER 00000nam^a2200000^a^4500
001 000119887
005 20250521000000.0
009 20260310094333.81
037 |a Acervo ITESO - Biblioteca 
041 |a ESP 
082 |a 972. 0092  |b AGN 
245 1 0 |a Agnus dei de cera y otras noticias relativas a José Miguel Quintana que éste publica en la ciudad de México en 1965 / 
264 |a México :  |b Cultura,  |c 1965 
300 |a 59 p. 
336 |a texto  |b txt  |2 rdacontenido 
337 |a sin mediación  |b n  |2 rdamedio 
338 |a volumen  |b nc  |2 rdasoporte 
520 |a En esta publicación se presenta un estudio acerca de las medallas Agnus Dei, de cera, realizado por el investigador José Miguel Quintana; una biografía del también escritor y bibliografía de su obra. 
649 |a XX 
650 |a Abogados Mexicanos -  |x Biografías 
650 |a Historiadores Mexicanos -  |x Biografías 
650 |a Escritores Mexicanos 
650 |a México -  |x Historia -  |x Bibliografías 
650 |a Literatura Mexicana -  |x Bibliografías 
650 |a Medallas Religiosas 
650 |a Arte Religioso 
910 |a Fondo Salvador Reynoso Reynoso 
920 |a Impresos - Libros 
930 |a Fondos Especiales 
905 |a 112 
901 |a 0800005501  |b IT2  |c ESP  |u 20250521 
902 |a https://opac.biblio.iteso.mx/vufind/Record/000119887